Kiwifruit Producing Countries - Statistics

General Stats
  • This quiz has been taken 25 times
  • The average score is 14 of 23
Answer Stats
Tons Country % Correct
2,861 Australia
95%
2,035,158 China
95%
414,261 New Zealand
95%
34,290 United States
90%
53,201 France
86%
562,188 Italy
86%
25,462 Japan
86%
23,833 Spain
81%
265,280 Greece
76%
7,377 South Korea
71%
61,920 Turkey
71%
266,319 Iran
67%
34,057 Portugal
67%
4,200 Israel
57%
30 Canada
52%
230,267 Chile
48%
114 Bulgaria
43%
358 Slovenia
29%
395 Switzerland
29%
35 Tunisia
29%
121 Cyprus
24%
500 Montenegro
19%
424 Kyrgyzstan
10%
No matching quizzes found
Score Distribution
Percent of People with Each Score
Percentile by Number Answered
Your Score History
You have not taken this quiz